L'age d'or (Registro nro. 87203)

Detalles MARC
000 -ENCABEZADO
Número de control [NR] 00562nam a22001817a 4500
008 - DE LONGITUD FIJA DE DATOS DE ELEMENTOS - INFORMACIÓN GENERAL
Elementos de longitud fija [NR] 130821s1914 fr gr fre
040 ## - FUENTE DE CATALOGACION [NR]
Agencia de catalogación original [NR] Co-BoUCM
Idioma de catalogación [NR] spa
041 00 - CODIGO DE IDIOMA [R]
Código de idioma para texto/pista de sonido o título separado [R] Francés
100 ## - ASIENTO PRINCIPAL--NOMBRE PERSONAL [NR]
Nombre personal [NR] Gebhart, Emile
Fechas asociadas con el nombre [NR] 1839-1908
ID Autoridad 77545
245 03 - MENCION DE TITULO [NR]
Título [NR] L'age d'or
Mención de responsabilidad, etc. [NR] Emile Gebhart
260 ## - PUBLICACION, DISTRIBUCION, ETC. (PIE DE IMPRENTA) [R]
Lugar de publicación, distribución, etc. [R] París (Francia)
Nombre del editor, distribuidor, etc. [R] Bloud et Cie., Editeurs
Fecha de publicación, distribución, etc. [R] 1914
300 ## - DESCRIPCION FISICA [R]
Extensión [R] 290 páginas
490 ## - MENCION DE SERIE [R]
Mención de serie [R] Incluye índice
650 04 - ASIENTO SECUNDARIO DE MATERIA - TERMINO TEMATICO [R]
Término temático o nombre geográfico como elemento de entrada [NR] Literatura clásica
9 (RLIN) 18628
650 04 - ASIENTO SECUNDARIO DE MATERIA - TERMINO TEMATICO [R]
Término temático o nombre geográfico como elemento de entrada [NR] Literatura griega
9 (RLIN) 76
942 ## - ELEMENTOS DE ENTRADA AGREGADOS (KOHA)
Tipo de ítem principal el descrito en 300a Libro
Tema principal Literatura
Edición 1
Parte restante de la signatura top. G31L
Título oculto en OPAC No
Sistema de clasificación DEWEY
Clasificación 880
Existencias
Signatura topográfica Código de barras Última vez visto Volúmen / Fascículo Ejemplar Price effective from Tipo de ítem Perdido Sistema de clasificación Dañado No prestable Tipo de ítem específico Suprimido Ubicación habitual Ubicación actual Localización Fecha de creación Forma de adquisición Costo
FCS 880 G31L 120000390 06/07/2012 1914 Ej.1 03/02/2013 Libro   DEWEY     Fondos especiales     Archivo Histórico Archivo histórico 28/02/2003 Donación 1000.00